1430 1547 1666 1627 1441 1554 1189 1974 1562 1131 1389 1725 1935 1069 1029 1064 1919 1357 1202 1954 1999 1280 1851 1858 1248 1387 1503 1437 1232 1848 1233 1721 1524 1736 1061 1370 1196 1249 1903 1460 1096 1790 1959 1036 1733 1452 1797 1116 1251 1047 1541 1373 1067 1785 1731 1121 1091 1426 1136 1240 1347 1835 1865 1465 1803 1429 1931 1080 1426 1968 1110 1984 2000 1252 1872 1005 1184 1362 1791 1165 1340 1938 1397 1268 1884 1980 1325 1195 1371 1462 1941 1461 1307 1174 1651 1692 1936 1261 1647 BCNSPRNW ULIB Ver.6.0+V

เปลี่ยนเป็นภาษาไทย

Change to English
 แสดงรายละเอียดบรรณานุกรม
  กลับหน้าหลัก

Brief Record : Get Marc (ISO 2709) : E-mail record : QR code < ปิดหน้าต่าง
LEADER : 00000nam 2200000uu 4500
001    13399123224
003     ULIB
008    020711s2553 th a 000 0 tha d
050    LB1027^bส111ค
110    กระทรวงการท่องเที่ยวและกีฬา.^bกรมพลศึกษา.^bสถาบันพัฒนาบุคลากรการพลศึกษาและการกีฬา
245    คู่มือผู้ตัดสินกีฬายูโด/^cสถาบันพัฒนาบุคลากรการพลศึกษาและการกีฬา
260    กรุงเทพฯ :^bโรงพิมพ์สหกรณ์การเกษตรแห่งประเทศไทย,^c2553
300    78 หน้า;^b26 ซม.
650    ยูโด
945    ^p0^l0^i20355
รายการนี้ยังไม่มีแท็ก
คุณยังไม่ได้ล็อกอิน คุณสามารถมีกิจกรรมร่วมกับเว็บไซต์ได้ แต่ต้องล็อกอินก่อน ::
  ล็อกอิน

รายการสื่อสารสนเทศ

ลำดับที่ ประเภท เลขเรียก/บาร์โค้ด สถานที่ สถานะ
1. การศึกษาทั่วไป
การศึกษาทั่วไป
LB1027 ส111ค ฉ.1 
  Barcode: 20355
ห้องสมุดวิทยาเขตนครสวรรค์
►หนังสือทั่วไป:l:General Books
บนชั้น

รายการใกล้เคียง
    หัวเรื่อง [ยูโด]

BibComment


ยังไม่เคยถูกคอมเมนท์

คอมเมนท์ทรัพยากรรายการนี้
  คอมเมนท์: คู่มือผู้ตัดสินกี..


 Copyright 2026. Bcnsprnw @Library